Größte Städte und Agglomerationen in Frankreich - Whammies - Statistiken

Allgemein
  • Dieses Quiz wurde 57 mal gespielt
  • Das Durchschnittsergebnis liegt bei 24 aus 40
Antwortstatistiken
# Einwohner # % Korrekt
Stadt 520.774 Lyon
98%
Agglomeration 1.716.000 Lyon
98%
Stadt 877.215 Marseille
98%
Agglomeration 1.635.000 Marseille
98%
Stadt 2.113.705 Paris
98%
Agglomeration 10.950.000 Paris
98%
Stadt 265.328 Bordeaux
92%
Agglomeration 1.023.000 Bordeaux
92%
Stadt 291.709 Straßburg
86%
Agglomeration 490.000 Straßburg
86%
Stadt 353.701 Nizza
82%
Agglomeration 973.000 Nizza
82%
Stadt 238.695 Lille
80%
Agglomeration 1.063.000 Lille
80%
Stadt 325.070 Nantes
76%
Agglomeration 683.000 Nantes
76%
Stadt 511.684 Toulouse
76%
Agglomeration 1.082.000 Toulouse
76%
Stadt 307.101 Montpellier
72%
Agglomeration 481.000 Montpellier
72%
Stadt 227.830 Rennes
72%
Agglomeration 376.000 Rennes
72%
Stadt 178.478 Reims
56%
Stadt 159.941 Dijon
54%
Stadt 156.389 Grenoble
48%
Agglomeration 456.000 Grenoble
48%
Stadt 166.462 Le Havre
48%
Stadt 172.569 Saint-Étienne
46%
Agglomeration 376.000 Saint-Étienne
46%
Agglomeration 479.000 Rouen
34%
Stadt 180.834 Toulon
30%
Agglomeration 600.000 Toulon
30%
Stadt 157.555 Angers
28%
Agglomeration 467.000 Avignon
24%
Stadt 150.444 Nîmes
24%
Agglomeration 367.000 Tours
24%
Agglomeration 506.000 Douai / Lens
22%
Stadt 162.207 Villeurbanne
4%
Agglomeration 357.000 Béthune
0%
Agglomeration 333.000 Valenciennes
0%
Keine übereinstimmenden Quizze gefunden
Verteilung der Resultate
Anzahl Personen mit jedem Resultat
Perzentil nach korrekt beantworteten Fragen
Ihre Resultats-Entwicklung
Sie haben dieses Quiz noch nicht gespielt